Quality management for information and library managers / (Record no. 123476)
[ view plain ]
| 000 -LEADER | |
|---|---|
| fixed length control field | 00973nam a22002657a 4500 |
| 005 - DATE AND TIME OF LATEST TRANSACTION | |
| control field | 20170124105926.0 |
| 010 ## - LIBRARY OF CONGRESS CONTROL NUMBER | |
| LC control number | A-899702 |
| 020 ## - INTERNATIONAL STANDARD BOOK NUMBER | |
| Terms of availability | 465.00 |
| International Standard Book Number | 8172245580 |
| 035 ## - SYSTEM CONTROL NUMBER | |
| System control number | A-899702 |
| 037 ## - SOURCE OF ACQUISITION | |
| Source of stock number/acquisition | Cen Lib/Ret |
| 040 ## - CATALOGING SOURCE | |
| Original cataloging agency | DPL |
| Language of cataloging | EN |
| 082 ## - DEWEY DECIMAL CLASSIFICATION NUMBER | |
| Classification number | 020.68 |
| Item number | BRO |
| 100 ## - MAIN ENTRY--PERSONAL NAME | |
| Personal name | Brophy, Peter |
| 9 (RLIN) | 6344 |
| 245 ## - TITLE STATEMENT | |
| Title | Quality management for information and library managers / |
| Statement of responsibility, etc | by Peter Brophy [and] Kate Coulling |
| 260 ## - PUBLICATION, DISTRIBUTION, ETC. (IMPRINT) | |
| Place of publication, distribution, etc | Mumbai |
| Name of publisher, distributor, etc | Jaico Publishing House |
| Date of publication, distribution, etc | 1997 |
| 270 ## - ADDRESS | |
| City | Mumbai |
| Address | 121, M. G. Road |
| Postal code | 400023 |
| 300 ## - PHYSICAL DESCRIPTION | |
| Extent | ix,196p. |
| Dimensions | 24cm(Hb) |
| 500 ## - GENERAL NOTE | |
| General note | Includes bibliographical references and index |
| 650 ## - SUBJECT ADDED ENTRY--TOPICAL TERM | |
| Topical term or geographic name as entry element | Library administration -- Great Britain |
| 9 (RLIN) | 73057 |
| 650 ## - SUBJECT ADDED ENTRY--TOPICAL TERM | |
| Topical term or geographic name as entry element | Total quality management -- Great Britain |
| 9 (RLIN) | 73058 |
| 650 ## - SUBJECT ADDED ENTRY--TOPICAL TERM | |
| Topical term or geographic name as entry element | लाइब्रेरी प्रशासन |
| 9 (RLIN) | 73059 |
| 650 ## - SUBJECT ADDED ENTRY--TOPICAL TERM | |
| Topical term or geographic name as entry element | कुल गुणवत्ता प्रबंधन |
| 9 (RLIN) | 6347 |
| 700 ## - ADDED ENTRY--PERSONAL NAME | |
| Personal name | Coulling, Kate |
| 9 (RLIN) | 6348 |
| 942 ## - ADDED ENTRY ELEMENTS (KOHA) | |
| Source of classification or shelving scheme | Dewey Decimal Classification |
| Koha item type | English Books |
| Classification part | 020.68 |
| Call number suffix | BRO |
| Withdrawn status | Lost status | Damaged status | Not for loan | Collection code | Home library | Current library | Date acquired | Source of acquisition | Cost, normal purchase price | Total Checkouts | Full call number | Barcode | Date last seen | Copy number | Cost, replacement price | Price effective from | Koha item type |
|---|---|---|---|---|---|---|---|---|---|---|---|---|---|---|---|---|---|
| Not For Loan | Reference | Central Library | Central Library | 06/06/2015 | Cen Lib/Ret | 465.00 | 020.68 BRO | A-899702 | 06/06/2015 | 1 | 465.00 | 06/06/2015 | English Books |
